000 01312cam a22002653a 4500
001 13412
003 PGUSA
005 20140828083304.0
008 040909s2004||||xxu|||||s|||||000 1 eng d
040 _aPGUSA
_beng
042 _adc
050 4 _aPG
100 1 _aChekhov, Anton Pavlovich,
_d1860-1904
245 1 4 _aThe Schoolmaster and other stories
_h[electronic resource] /
_cAnton Pavlovich Chekhov
260 _bProject Gutenberg,
_c2004
505 0 _aThe schoolmaster -- Enemies -- The examining magistrate -- Betrothed -- From the diary of a violent-tempered man -- In the dark -- A play -- A mystery -- Strong impressions -- Drunk -- The marshal's widow -- A bad business -- In the court -- Boots -- Joy -- Ladies -- A peculiar man -- At the barber's -- An inadvertence -- The album -- Oh! The public -- A tripping tongue -- Overdoing it -- The orator -- Malingerers -- In the graveyard -- Hush! -- In an hotel -- In a strange land.
506 _aPublic domain in the USA.
516 _aElectronic text
653 _aRussia -- Social life and customs -- Fiction
653 _aChekhov, Anton Pavlovich, 1860-1904 -- Translations into English
700 1 _aGarnett, Constance,
_d1861-1946
830 0 _aProject Gutenberg
_v13412
856 4 0 _uhttp://www.gutenberg.org/ebooks/13412
942 _cEB
999 _c242667
_d242667